Češi a Slováci opäť spolu

Bibliographic Details
Main Author: Holečková, Marta (Author)
Format: Article
Language:Slovak
PhysicalDescription:Fotogr.
ISSN:1335-9223
Subjects:

MARC

LEADER 00000nab a2200000 a 4500
001 vtls000861917
003 SK-MaSNL
005 20260304171808.0
008 250429c2003 xo 0 slo
015 |a SNBRB2004/02-07437 
035 |a CLN000213507 
035 |a urn:nbn:sk:snk-ab6y4s 
035 |a (uuid)6aa2571e-45c7-4f6d-bf0b-0ae12c6222c0 
035 |a (urnnbn)urn:nbn:sk:snk:ar-a068py 
035 |a (sysno)vtls000861917 
040 |a SNKBUCL  |b slo  |c SNKBUCL  |e AACR2 
041 0 |a slo 
044 |a xo  |c SK 
080 |a 616.31:614.254:061.3  |2 1997 
100 1 |a Holečková, Marta  |4 aut  |9 268296 
245 1 0 |a Češi a Slováci opäť spolu  |c Marta Holečková 
300 |b Fotogr. 
504 |a Res. slov. 
611 1 7 |a Slovensko-české dentálne dni  |n 1.  |c Piešťany, Slovensko  |d 2003  |2 snkbucl  |9 1500606 
650 0 7 |a stomatologická starostlivosť  |2 MESH  |9 88778 
650 0 7 |a diferenciálna diagnostika  |2 MESH  |9 69886 
650 0 7 |a kongresy  |2 MESH  |9 19200 
650 0 7 |a vybavenie stomatologické  |x ekonomika  |x trendy  |2 MESH  |9 1500607 
655 7 |a články z novín a časopisov  |2 snkbucl  |9 267496 
773 0 |t Zubný lekár  |g Roč. 10, č. 12 (2003), s. 10-11  |x 1335-9223 
850 |a Slovenská národná knižnica 
852 |a Slovenská národná knižnica 
954 |a odborná, vedecká literatúra pôvodná (slovenská)  |2 lita 
958 |a article27 
958 |a MI 
958 |a OND 
958 |a EUIPO 
999 |c 2995112  |d 2997042